РУСЕНСКИ глас (Запис номер 291995)
[ съкратено ]
| 000 -Лидер | |
|---|---|
| Контролно поле с фиксирана дължина | 01184nas a2200277 c 4500 |
| 003 - Код на организацията, давaща контролен номер | |
| Контролно поле | BLK |
| 005 - Дата и час на последна редакция | |
| Контролно поле | 20210713100623.0 |
| 008 - Елементи от данни с фиксирана дължина | |
| fixed length control field | 180413b bul raner|||| |0| c1bulo| |
| 010 ## - Наследен системен номер | |
| LC control number | PRD00003600000 |
| 040 ## - Източник на каталожния запис | |
| Идентификатор на билиотеката - собственик на записа | BLK |
| 041 ## - Код за език | |
| Код за езика на текст/звукозапис или на отделно заглавие | Български |
| Код за езика КДБФ | Български |
| 080 ## - УДК | |
| Текстов определител УДК | Форми на политическа организация. Държавите като политически сили. Вж и 308 ; 342 |
| УДК код - определител по УДК | 321 |
| УДК определител | (497.215) |
| УДК - код + определител | 321(497.215) |
| 110 1# - Редна дума - колетивен орган | |
| Редна дума - наименование на организация или юридическо лице | Ред. кол. : П. Стайков |
| 9 (RLIN) | 358392 |
| 245 10 - Сведения за заглавието | |
| Заглавие | РУСЕНСКИ глас |
| Редно поле (дума) | Ред. кол. : П. Стайков |
| Дата на създаване на произведението | Начална год. на издаване: № 1, 1896, |
| 257 ## - Страна на издаване | |
| Страна на създаване/издаване | България |
| 260 ## - Област на издателските данни | |
| -- | Русе |
| Име на издателя, разпространителя и проч. | печ. Надежда |
| Година на издаване | 1896 |
| 300 ## - Физическа характеристика | |
| Размери/Мащаб | 45 |
| 310 ## - Текуща периодчност на изданието | |
| -- | периодичност: 0 |
| Дни, в които се получава | дни, в които се получава: 0000000 |
| Срок за съхранение | срок за съхранение: 99 |
| 380 ## - Жанр | |
| Жанр | Обществени науки |
| 500 ## - Общи забележки | |
| Забележка | забележка:Ориг. заглавие - Руссенски глас. - Изд. К. П. Панайодов. |
| 852 ## - Местоположение | |
| Форматна сигнатура | В 56 |
| 856 ## - Електронен адрес и достъп | |
| Електронен формат | pdf - файл |
| Път до файла /url/ | |
| 856 ## - Електронен адрес и достъп | |
| Електронен формат | pdf - файл |
| Път до файла /url/ | |
| 942 ## - АРТИКУЛИ | |
| Вид на библиотечния материал | Вестници |
| Скрит в OPAC | Не |
| Периодичен библиозапис | Да |
| Koha issues (borrowed), all copies | 1 |
| 944 ## - СЪЗДАВАНЕ И РЕДАКЦИЯ на ЗАПИСА | |
| Създаване/Редакция | Създаване |
| Дата на регистрацията/редакция | Ваня_Йорданова |
| Служител, извършил регистрацията/редакцията | 08.12.2014 |
| 944 ## - СЪЗДАВАНЕ И РЕДАКЦИЯ на ЗАПИСА | |
| Създаване/Редакция | Редакция |
| Дата на регистрацията/редакция | Ваня_Йорданова |
| Служител, извършил регистрацията/редакцията | 08.12.2014 |
| 999 ## - СИСТЕМНИ КОНТРОЛНИ НОМЕРА | |
| Koha biblionumber | 291995 |
| Koha biblioitemnumber | 291995 |
| Код за отписване | Код за изгубен артикул | Източник на класификационната схема | Код за повреда | Коз за рестрикции | Код за отдаване | Артикулен № | Име на библиотеката - собственик | Име на библиотеката, в която се намира в момента | Статус (Текущо местоположение) | Дата на вписване в системата | Местоположение - отдел | Цена в лева | Номерация (Хронология) | Инвентарен номер | Систематично азбучна сигнатура | Баркод | Номер на екземпляра | Цена в евро | Служебна бележка | Служебен тип на артикула | Бележка за публиката |
|---|---|---|---|---|---|---|---|---|---|---|---|---|---|---|---|---|---|---|---|---|---|
| Не е изгубен | Universal Decimal Classification | Не е повреден | без рестрикции | ползва се в читалня | 579731 | Регионална библиотека "Любен Каравелов" Русе | Регионална библиотека "Любен Каравелов" Русе | Хранилище | 2023-05-29 | Хранилище | 0.00 | Обхват на том: 1-4 | 30306 | В 56 | 130000030306 | 1 | 0.00 | Дост: DA, Вид: А, N: стар фонд, Дата инв: 10.12.2014, Бележки инв: Цб2014 | Вестници | Год. на изд.: 1896, Липси: 5 |